| 000 | 00438 a2200169 4500 | ||
|---|---|---|---|
| 001 | 66401 | ||
| 082 | _a658.5756 ULR | ||
| 090 |
_c38541 _d38541 |
||
| 100 | _aUlrich, K T. | ||
| 245 | _aProduct Design and Development, 1st ED | ||
| 250 | _a1 | ||
| 260 |
_aboston _bMcGraw-Hill, Boston _c1995 |
||
| 300 |
_a289 p _borigional copy |
||
| 500 | _aBE textbook IE dept | ||
| 520 | _aorigional book | ||
| 740 | _aN-446 is origional book | ||
| 942 |
_aNUST-CAE _k658.5756 ULR |
||
| 999 |
_c301474 _d301474 |
||